Rozprávačka z Auschwitzu /
Keď židovská spisovateľka Etty Weilová prekročí brány Osvienčimu, s hrôzou sleduje, ako akési mladé dievča bez milosti odtrhnú od matky. Etty si vezme Danielle pod ochranu, akoby bola jej vlastná sestra. Každý večer rozpráva dievčine príbehy a čoskoro sa k nej pripoja aj ostatné ženy v baraku so svo...
Uloženo v:
| Hlavní autor: | |
|---|---|
| Médium: | E-kniha |
| Jazyk: | Czech |
| Vydáno: |
Praha :
Albatros Media Slovakia s.r.o.,
2025
|
| Tagy: |
Žádné tagy |
| LEADER | 01562nam a22002297i 4500 | ||
|---|---|---|---|
| 001 | 302723 | ||
| 007 | ta | ||
| 008 | 260514s2025 xr ||||| |||| 00| 0 cze d | ||
| 020 | |a 9788056648797 | ||
| 044 | |a xr | ||
| 100 | 1 | |a Curham, Siobhan |4 aut | |
| 245 | 1 | 0 | |a Rozprávačka z Auschwitzu / |c Curham, Siobhan |
| 240 | 1 | 0 | |a Storyteller From Auschwitz |
| 264 | 1 | |a Praha : |b Albatros Media Slovakia s.r.o., |c 2025 | |
| 300 | |a 1 online zdroj (320 stran) | ||
| 336 | |a text |b txt |2 rdacontent | ||
| 337 | |a bez média |b n |2 rdamedia | ||
| 338 | |a online zdroj |b cr |2 rdacarrier | ||
| 520 | 2 | |a Keď židovská spisovateľka Etty Weilová prekročí brány Osvienčimu, s hrôzou sleduje, ako akési mladé dievča bez milosti odtrhnú od matky. Etty si vezme Danielle pod ochranu, akoby bola jej vlastná sestra. Každý večer rozpráva dievčine príbehy a čoskoro sa k nej pripoja aj ostatné ženy v baraku so svojimi vlastnými. Etty musí túto hrôzu prežiť – chce dodržať sľub, že sa na ich príbehy nezabudne. No Danielle čoraz častejšie riskuje svoj život a núti Etty ochraňovať ju. Raz však dievča zájde priďaleko… | |
| 910 | |a RBIT002 | ||
| 998 | |d 426980 |a https://core.palmknihy.cz/api/books/426980/cover?tesgib |b https://core.palmknihy.cz/api/books/426980/cover/400?tesgib |c https://core.palmknihy.cz/api/books/426980/cover/50?tesgib |e 2029-10-03 |g 320 |i 9788056648797 |j https://core.palmknihy.cz/api/books/426980/preview.epub |k https://core.palmknihy.cz/api/books/426980/preview.pdf |l |q 49 |r 1 |s https://www.palmknihy.cz/kniha/426980 |t ebook |y 2025 |z 1 | ||
| 999 | |d 302721 | ||